[Event "Speed Chess (Women) Q5"]
[Site "Chess.com INT"]
[Date "2020.06.22"]
[Round "13"]
[White "Martsynovskaya, Marina"]
[Black "Doluhanova, Evgeniya"]
[Result "0-1"]
[WhiteElo "2046"]
[BlackElo "2229"]
[PlyCount "90"]
[EventDate "2020.06.22"]
[EventType "swiss (blitz)"]
[EventRounds "13"]
[EventCountry "USA"]
[SourceTitle "CBM 196 Extra"]
[Source "ChessBase"]
[SourceDate "2020.07.31"]
[SourceVersion "1"]
[SourceVersionDate "2020.07.31"]
[SourceQuality "1"]

1. e4 c5 2. Nc3 Nc6 3. g3 g6 4. Bg2 Bg7 5. d3 Rb8 6. Be3 d6 7. Qd2 Nf6 8. h3 0-0 9. f4 b5 10. Nge2 b4 11. Nd1 Nd7 12. g4 Bb7 13. f5 a5 14. Bh6 e6 15. Bxg7 Qh4+ 16. Kf1 Kxg7 17. Ne3 Nd4 18. c3 Nxe2 19. Qxe2 bxc3 20. bxc3 Ne5 21. c4 Bc6 22. Nd1 Qg3 23. Nf2 exf5 24. gxf5 gxf5 25. Rg1 Kh8 26. exf5 Bxg2+ 27. Rxg2 Qf4 28. Qe4 Qd2 29. Rd1 Qc2 30. d4 Qxc4+ 31. Qe2 Qxe2+ 32. Kxe2 Rb2+ 33. Kf1 cxd4 34. Rxd4 Rb1+ 35. Ke2 Re8 36. Ne4 Nc6 37. Ra4 d5 38. Kd3 dxe4+ 39. Kc4 Rb4+ 40. Rxb4 Nxb4 41. a3 Nd3 42. Kb5 e3 43. Re2 Nf4 44. Re1 e2 45. Kxa5 Nd3 0-1

[Event "Speed Chess (Women) Q5"]
[Site "Chess.com INT"]
[Date "2020.06.22"]
[Round "3"]
[White "Martsynovskaya, Marina"]
[Black "Foisor, Sabina Francesca"]
[Result "0-1"]
[WhiteElo "2046"]
[BlackElo "2228"]
[PlyCount "74"]
[EventDate "2020.06.22"]
[EventType "swiss (blitz)"]
[EventRounds "13"]
[EventCountry "USA"]
[SourceTitle "CBM 196 Extra"]
[Source "ChessBase"]
[SourceDate "2020.07.31"]
[SourceVersion "1"]
[SourceVersionDate "2020.07.31"]
[SourceQuality "1"]

1. e4 c6 2. Nc3 d5 3. d4 g6 4. f4 Bg7 5. Nf3 dxe4 6. Nxe4 Bg4 7. c3 Nf6 8. Nxf6+ Bxf6 9. Bc4 0-0 10. 0-0 Nd7 11. h3 Bxf3 12. Qxf3 e6 13. Be3 Nb6 14. Bb3 a5 15. Rad1 a4 16. Bc2 Nd5 17. g4 b5 18. f5 exf5 19. gxf5 Bg5 20. Bxg5 Qxg5+ 21. Kh1 Rae8 22. Rde1 Rxe1 23. Rxe1 Qd2 24. Re2 Qc1+ 25. Kh2 Qf4+ 26. Qxf4 Nxf4 27. Re7 Rc8 28. Be4 c5 29. Kg3 Nh5+ 30. Kf3 cxd4 31. cxd4 gxf5 32. Bxf5 Rd8 33. Bd7 Nf6 34. Bxb5 Rxd4 35. Re5 Rb4 36. Rg5+ Kf8 37. Rf5 Ke7 0-1

[Event "Speed Chess (Women) Q5"]
[Site "Chess.com INT"]
[Date "2020.06.22"]
[Round "5"]
[White "Martsynovskaya, Marina"]
[Black "Mahalakshmi, Muganda Kumar"]
[Result "1-0"]
[WhiteElo "2046"]
[BlackElo "2253"]
[PlyCount "37"]
[EventDate "2020.06.22"]
[EventType "swiss (blitz)"]
[EventRounds "13"]
[EventCountry "USA"]
[SourceTitle "CBM 196 Extra"]
[Source "ChessBase"]
[SourceDate "2020.07.31"]
[SourceVersion "1"]
[SourceVersionDate "2020.07.31"]
[SourceQuality "1"]

1. e4 c6 2. Nc3 d5 3. d4 dxe4 4. Nxe4 Nf6 5. Nxf6+ exf6 6. Be2 Bd6 7. Nf3 0-0 8. 0-0 Bf5 9. Nh4 Bg6 10. Nxg6 hxg6 11. Bc4 Nd7 12. Qg4 Nb6 13. Bb3 Qc7 14. h3 a5 15. a4 Nd5 16. c4 Nb4 17. c5 Be7 18. Qxg6 Rad8 19. Bh6 1-0

[Event "Speed Chess (Women) Q4"]
[Site "Chess.com INT"]
[Date "2020.06.21"]
[Round "8"]
[White "Martsynovskaya, Marina"]
[Black "Chen, Yining"]
[Result "1-0"]
[WhiteElo "2046"]
[BlackElo "1745"]
[PlyCount "61"]
[EventDate "2020.06.21"]
[EventType "swiss (blitz)"]
[EventRounds "9"]
[EventCountry "USA"]
[SourceTitle "CBM 196 Extra"]
[Source "ChessBase"]
[SourceDate "2020.07.31"]
[SourceVersion "1"]
[SourceVersionDate "2020.07.31"]
[SourceQuality "1"]

1. e4 e5 2. Bc4 Nc6 3. Nf3 Bc5 4. 0-0 Nf6 5. d3 h6 6. c3 d6 7. h3 0-0 8. d4 Bb6 9. Re1 a5 10. b3 Qe7 11. Bb2 Bd7 12. Nbd2 Na7 13. Bd3 c6 14. c4 exd4 15. Nxd4 Be6 16. Nf5 Bxf5 17. exf5 Qd8 18. Qf3 d5 19. cxd5 Qxd5 20. Ne4 Nxe4 21. Bxe4 Qd2 22. Re2 Qg5 23. g3 Rad8 24. h4 Qe7 25. f6 Qd6 26. Qg4 g6 27. Bxg6 Kh8 28. Be5 Qb4 29. Qh5 fxg6 30. Qxh6+ Kg8 31. Qg7# 1-0

[Event "Speed Chess (Women) Q4"]
[Site "Chess.com INT"]
[Date "2020.06.21"]
[Round "2"]
[White "Martsynovskaya, Marina"]
[Black "Matveeva, Olga"]
[Result "0-1"]
[WhiteElo "2046"]
[BlackElo "2171"]
[PlyCount "82"]
[EventDate "2020.06.21"]
[EventType "swiss (blitz)"]
[EventRounds "9"]
[EventCountry "USA"]
[SourceTitle "CBM 196 Extra"]
[Source "ChessBase"]
[SourceDate "2020.07.31"]
[SourceVersion "1"]
[SourceVersionDate "2020.07.31"]
[SourceQuality "1"]

1. e4 e6 2. d4 d5 3. Nc3 Nf6 4. e5 Nfd7 5. f4 c5 6. Nf3 Nc6 7. Be3 cxd4 8. Nxd4 Bc5 9. Qd2 0-0 10. 0-0-0 a6 11. g4 Nxd4 12. Bxd4 b5 13. h4 Qc7 14. h5 b4 15. Ne2 a5 16. g5 a4 17. Bxc5 Qxc5 18. Qd4 b3 19. Qxc5 Nxc5 20. cxb3 axb3 21. a3 Ba6 22. Nc3 Rfc8 23. Bxa6 Rxa6 24. Rd4 Ne4 25. Rh3 Kf8 26. Kb1 Nxc3+ 27. Rxc3 Rxc3 28. bxc3 Rxa3 29. Kb2 Ra2+ 30. Kxb3 Rh2 31. g6 Rxh5 32. gxh7 Rxh7 33. c4 dxc4+ 34. Kxc4 Rh4 35. Kc5 g6 36. Kd6 g5 37. Rd1 Rxf4 38. Rg1 Rf5 39. Re1 Kg7 40. Ke7 Kg6 41. Rg1 Rxe5 0-1

[Event "Europe Echecs online op April"]
[Site "Europe Echecs INT"]
[Date "2020.04.11"]
[Round "3"]
[White "Martsynovskaya, Marina"]
[Black "Bellahcene, Bilel"]
[Result "0-1"]
[WhiteElo "2066"]
[BlackElo "2493"]
[PlyCount "108"]
[EventDate "2020.04.11"]
[EventType "swiss (blitz)"]
[EventRounds "11"]
[EventCountry "FRA"]
[SourceTitle "EXT 2021"]
[Source "ChessBase"]
[SourceDate "2020.10.23"]
[SourceVersion "1"]
[SourceVersionDate "2020.10.23"]
[SourceQuality "1"]

1. e4 c5 2. Nf3 d6 3. d4 cxd4 4. Nxd4 Nf6 5. Nc3 a6 6. a4 e5 7. Nf3 Qc7 8. Be2 Be7 9. 0-0 b6 10. Nd5 Nxd5 11. exd5 0-0 12. c4 a5 13. Nd2 f5 14. f4 Nd7 15. Nb3 Ba6 16. Nd2 g5 17. fxg5 Bxg5 18. Nb3 Bxc1 19. Rxc1 Nc5 20. Nxc5 Qxc5+ 21. Kh1 Ra7 22. g4 f4 23. Bd3 Rg7 24. Qf3 Bc8 25. h3 Bd7 26. b3 Qc7 27. Rc2 Qd8 28. Rg2 Qh4 29. Rfg1 Rf6 30. Kh2 Rh6 31. Bf5 Rgg6 32. Bxg6 hxg6 33. Rf1 g5 34. Rfg1 e4 35. Qc3 e3 36. Rg3 Bxg4 37. Rxe3 fxe3 38. Qxe3 Qxh3+ 39. Qxh3 Rxh3+ 40. Kg2 Rxb3 41. Kf2 Bd7 42. Rxg5+ Kf7 43. Rh5 Bxa4 44. Rh6 Ke7 45. Rh7+ Kd8 46. Rh6 Kc7 47. Rh7+ Bd7 48. Rh4 a4 49. Ke2 a3 50. Rh1 a2 51. Ra1 Rb2+ 52. Kd3 Bf5+ 53. Kc3 Rf2 54. Kb3 Bb1 0-1

[Event "FRA-ch (Women)"]
[Site "Nancy"]
[Date "2013.08.22"]
[Round "11"]
[White "Congiu, Mathilde"]
[Black "Martsynovskaya, Marina"]
[Result "1-0"]
[WhiteElo "2190"]
[BlackElo "2156"]
[PlyCount "39"]
[EventDate "2013.08.11"]
[EventType "tourn"]
[EventRounds "11"]
[EventCountry "FRA"]
[SourceTitle "CBM 156 Extra"]
[Source "ChessBase"]
[SourceDate "2013.10.22"]
[SourceVersion "1"]
[SourceVersionDate "2013.10.22"]
[SourceQuality "1"]

1. e4 e5 2. Bc4 Nc6 3. Nf3 Nf6 4. d3 Be7 5. c3 0-0 6. 0-0 d6 7. a4 h6 8. a5 Nh7 9. a6 b6 10. b4 Nb8 11. d4 Nd7 12. Bb5 Ng5 13. Bxg5 hxg5 14. Bc6 Rb8 15. h3 exd4 16. cxd4 Nf6 17. Nxg5 d5 18. e5 Ne8 19. f4 f6 20. Qf3 1-0

[Event "FRA-ch (Women)"]
[Site "Nancy"]
[Date "2013.08.21"]
[Round "10"]
[White "Martsynovskaya, Marina"]
[Black "Maisuradze, Nino"]
[Result "0-1"]
[WhiteElo "2156"]
[BlackElo "2288"]
[PlyCount "72"]
[EventDate "2013.08.11"]
[EventType "tourn"]
[EventRounds "11"]
[EventCountry "FRA"]
[SourceTitle "CBM 156 Extra"]
[Source "ChessBase"]
[SourceDate "2013.10.22"]
[SourceVersion "1"]
[SourceVersionDate "2013.10.22"]
[SourceQuality "1"]

1. e4 c5 2. Nf3 d6 3. d4 cxd4 4. Nxd4 Nf6 5. Nc3 a6 6. Be2 e5 7. Nf3 Be7 8. 0-0 0-0 9. Re1 Nbd7 10. a4 b6 11. Bf1 Bb7 12. Bg5 Rc8 13. Nd2 d5 14. exd5 Nxd5 15. Bxe7 Nxe7 16. Nc4 Rc5 17. Nd6 Bc8 18. Nxc8 Qxc8 19. Bxa6 Qxa6 20. Qxd7 Nc6 21. Rad1 Nd4 22. Rd2 h6 23. f4 Nc6 24. fxe5 Rd8 25. Qxd8+ Nxd8 26. Rxd8+ Kh7 27. e6 fxe6 28. Rxe6 Qc4 29. Re4 Qf7 30. Rd2 Rf5 31. Re1 Qc4 32. Rde2 Qb4 33. Nd1 Qxa4 34. b3 Qd4+ 35. Ne3 Re5 36. Rd1 Qxd1+ 0-1

[Event "FRA-ch (Women)"]
[Site "Nancy"]
[Date "2013.08.15"]
[Round "5"]
[White "Choisy, Mathilde"]
[Black "Martsynovskaya, Marina"]
[Result "1/2-1/2"]
[WhiteElo "2150"]
[BlackElo "2156"]
[PlyCount "69"]
[EventDate "2013.08.11"]
[EventType "tourn"]
[EventRounds "11"]
[EventCountry "FRA"]
[SourceTitle "CBM 156 Extra"]
[Source "ChessBase"]
[SourceDate "2013.10.22"]
[SourceVersion "1"]
[SourceVersionDate "2013.10.22"]
[SourceQuality "1"]

1. Nf3 d5 2. g3 Nf6 3. Bg2 c6 4. 0-0 Bg4 5. d3 Nbd7 6. Nbd2 e5 7. h3 Bxf3 8. Bxf3 Bc5 9. c3 0-0 10. e4 dxe4 11. dxe4 Qc7 12. Qe2 Rfd8 13. Nc4 Nf8 14. Bg5 Be7 15. Bxf6 Bxf6 16. Bg4 Nd7 17. Rfd1 Nb6 18. Ne3 g6 19. h4 Rxd1+ 20. Rxd1 Rd8 21. Kg2 Rxd1 22. Qxd1 Qd8 23. Qxd8+ Bxd8 24. b3 Kf8 25. Kf1 Ke7 26. h5 Kd6 27. hxg6 hxg6 28. Be2 Bg5 29. Nc4+ Nxc4 30. Bxc4 Ke7 31. Ke2 Bh6 32. Bd3 Bg5 33. Bc4 Bh6 34. Bd3 Bg5 35. Bc4 1/2-1/2

[Event "FRA-ch (Women)"]
[Site "Nancy"]
[Date "2013.08.11"]
[Round "1"]
[White "Martsynovskaya, Marina"]
[Black "Leconte, Maria"]
[Result "0-1"]
[WhiteElo "2156"]
[BlackElo "2246"]
[PlyCount "48"]
[EventDate "2013.08.11"]
[EventType "tourn"]
[EventRounds "11"]
[EventCountry "FRA"]
[SourceTitle "CBM 156 Extra"]
[Source "ChessBase"]
[SourceDate "2013.10.22"]
[SourceVersion "1"]
[SourceVersionDate "2013.10.22"]
[SourceQuality "1"]

1. e4 c5 2. Nc3 a6 3. g3 b5 4. Bg2 Bb7 5. d3 e6 6. f4 d5 7. exd5 Nf6 8. Nf3 exd5 9. d4 Be7 10. 0-0 0-0 11. h3 Ne4 12. Kh2 Nd7 13. Be3 Rc8 14. Ne2 Bf6 15. c3 Nb6 16. b3 Nd7 17. Rc1 a5 18. Ne5 b4 19. Nxd7 Qxd7 20. Bxe4 dxe4 21. dxc5 Qd3 22. Bg1 Rfd8 23. Qc2 e3 24. cxb4 Qd5 0-1

[Event "Gibraltar Challengers-A 8th"]
[Site "Caleta"]
[Date "2010.01.29"]
[Round "4"]
[White "Young, Melvyn Jack"]
[Black "Martsynovskaya, Marina"]
[Result "1/2-1/2"]
[WhiteElo "1971"]
[BlackElo "2184"]
[PlyCount "85"]
[EventDate "2010.01.26"]
[EventType "swiss"]
[EventRounds "5"]
[EventCountry "GGB"]
[SourceTitle "CBM 134 Extra"]
[Source "ChessBase"]
[SourceDate "2010.03.03"]
[SourceVersion "1"]
[SourceVersionDate "2010.03.03"]
[SourceQuality "1"]

1. e4 e5 2. Bc4 Nc6 3. Nc3 h6 4. d3 g6 5. f4 exf4 6. Bxf4 d6 7. Nge2 Bg7 8. 0-0 Nf6 9. Qd2 Be6 10. Nd5 Bxd5 11. exd5 Ne7 12. Rae1 Kf8 13. Nc3 Kg8 14. Rf3 Qd7 15. Bb5 c6 16. dxc6 bxc6 17. Ba4 Ned5 18. Nxd5 Nxd5 19. c3 Kh7 20. Bg3 f5 21. Bb3 Nc7 22. Bh4 Rhe8 23. Rfe3 Rxe3 24. Rxe3 Re8 25. Qe2 Rxe3 26. Qxe3 c5 27. Qe7 Qxe7 28. Bxe7 Be5 29. Bd8 Ne8 30. h3 Kg7 31. Kf2 Nf6 32. Bxf6+ Kxf6 33. Bd5 h5 34. Bc6 h4 35. Bd7 g5 36. Kf3 d5 37. Bc6 d4 38. c4 Bf4 39. Bd7 Ke5 40. Bc8 Bd2 41. b3 Bc1 42. Bd7 Be3 43. Bc8 1/2-1/2

[Event "Gibraltar Masters 8th"]
[Site "Caleta"]
[Date "2010.01.28"]
[Round "3"]
[White "Martsynovskaya, Marina"]
[Black "Andersen, Niels Erik"]
[Result "1-0"]
[WhiteElo "2184"]
[BlackElo "1965"]
[PlyCount "47"]
[EventDate "2010.01.26"]
[EventType "swiss"]
[EventRounds "10"]
[EventCountry "GGB"]
[SourceTitle "CBM 134 Extra"]
[Source "ChessBase"]
[SourceDate "2010.03.03"]
[SourceVersion "1"]
[SourceVersionDate "2010.03.03"]
[SourceQuality "1"]

1. e4 c5 2. Nf3 d6 3. d4 cxd4 4. Nxd4 Nf6 5. Nc3 a6 6. a4 e5 7. Nf3 Be7 8. Be2 0-0 9. 0-0 Nbd7 10. Re1 Nc5 11. Bf1 b6 12. b4 Ncd7 13. Ba3 Qc7 14. Nd5 Nxd5 15. exd5 f5 16. Nd4 Nb8 17. Nb3 Bd7 18. Bb2 Be8 19. c4 Nd7 20. a5 Rb8 21. axb6 Rxb6 22. Ba3 Qb8 23. Nd4 Nf6 24. Nxf5 1-0

[Event "Gibraltar Challengers-A 8th"]
[Site "Caleta"]
[Date "2010.01.26"]
[Round "1"]
[White "Martsynovskaya, Marina"]
[Black "Fegan, Chris"]
[Result "0-1"]
[WhiteElo "2184"]
[BlackElo "2093"]
[PlyCount "90"]
[EventDate "2010.01.26"]
[EventType "swiss"]
[EventRounds "5"]
[EventCountry "GGB"]
[SourceTitle "CBM 134 Extra"]
[Source "ChessBase"]
[SourceDate "2010.03.03"]
[SourceVersion "1"]
[SourceVersionDate "2010.03.03"]
[SourceQuality "1"]

1. e4 g6 2. Nc3 Bg7 3. d4 d6 4. Nf3 a6 5. a4 Nd7 6. Bc4 h6 7. Qe2 e5 8. Be3 Ne7 9. dxe5 dxe5 10. Rd1 0-0 11. 0-0 Qe8 12. Bb3 Kh7 13. Qc4 c6 14. a5 f5 15. exf5 gxf5 16. Qh4 f4 17. Ng5+ Kh8 18. Ne6 Ng6 19. Qh3 fxe3 20. Nxf8 exf2+ 21. Rxf2 Ndxf8 22. Qe3 Be6 23. Ne4 Nf4 24. Nd6 Qh5 25. Rfd2 Bxb3 26. Qxb3 N8e6 27. Qf3 Qg6 28. Qe4 Qg4 29. Qf3 Qxf3 30. gxf3 Nd4 31. Rf1 Rg8 32. Kh1 Rf8 33. Nxb7 Nd5 34. Nc5 Ne3 35. Rff2 Nc4 36. Rd1 Nxb2 37. Rb1 Nc4 38. Nxa6 e4 39. f4 e3 40. Rg2 Rxf4 41. Nc5 e2 42. c3 Rf1+ 43. Rg1 Rxg1+ 44. Rxg1 Nf3 45. Rb1 e1Q+ 0-1

[Event "Montigny le Bretonneux Noel op 12th"]
[Site "Montigny le Bretonneux"]
[Date "2009.12.30"]
[Round "6"]
[White "Ider, Borya"]
[Black "Martsynovskaya, Marina"]
[Result "1/2-1/2"]
[WhiteElo "2230"]
[BlackElo "2215"]
[PlyCount "109"]
[EventDate "2009.12.26"]
[EventType "swiss"]
[EventRounds "7"]
[EventCountry "FRA"]
[SourceTitle "EXT 2011"]
[Source "ChessBase"]
[SourceDate "2010.11.26"]
[SourceVersion "1"]
[SourceVersionDate "2010.11.26"]
[SourceQuality "1"]

1. d4 d5 2. g3 e6 3. Bg2 f5 4. Nh3 Nf6 5. 0-0 c5 6. c4 cxd4 7. cxd5 e5 8. e3 Bc5 9. exd4 Bxd4 10. Nc3 0-0 11. Qb3 h6 12. Nb5 Bb6 13. Be3 Na6 14. Rac1 Ne4 15. Rfd1 Nd6 16. Nxd6 Qxd6 17. f4 e4 18. Nf2 Bd7 19. Bf1 Rac8 20. Bxa6 bxa6 21. Rc6 Qb8 22. Bxb6 axb6 23. Rxb6 Qa8 24. Rb7 Rb8 25. Rxb8 Rxb8 26. Qa3 Qa7 27. Re1 Qb6 28. Qe7 Bb5 29. d6 Re8 30. Qc7 Qxc7 31. dxc7 Kf7 32. Rc1 Rc8 33. Nd1 Ke6 34. Ne3 g6 35. Kf2 Kd6 36. g4 Bd7 37. Nc4+ Kxc7 38. Ne5+ Kd6 39. Rd1+ Ke6 40. Rxd7 Rc2+ 41. Ke3 Rxh2 42. Rg7 g5 43. Rg6+ Kd5 44. gxf5 Rh3+ 45. Ke2 gxf4 46. f6 f3+ 47. Kf2 Rh2+ 48. Kf1 Kxe5 49. f7 e3 50. f8Q e2+ 51. Kg1 e1Q+ 52. Kxh2 Qh4+ 53. Kg1 Qe1+ 54. Kh2 Qh4+ 55. Kg1 1/2-1/2